000 00525nam a22001817a 4500
001 BD-DhSAU 5091
003 BD-DhSAU
005 20150411133242.0
008 150411b1974 bg a||||r|||| 00| 0 eng d
040 _aBD-DhSAU
082 _222
_a630.715
_bBAI
100 _aBAri. Fazlul
245 _aAn innovator in a traditional environment /
_cFazlul Bari
260 _aComilla :
_bBAngladesh Academy for Rural Development ,
_c1974.
300 _aii. 45 p. :
_bill. ;
_c22 cm.
590 _aerfat
650 _aTraditional environment
942 _2ddc
_cBOOK
999 _c5091
_d5091